000 00229 a2200097 4500
001 18000
100 _aCanning, J W
245 _aValues in an age of confrontation
260 _a
_bCharless & Merrill Co
_c
090 _c13304
_d13304
942 _aNUST-CAE
_cM
_c3675
999 _c253073
_d253073